000 00370 a2200169 4500
001 72844
020 _a8576661977
040 _cAnchieta - Colégio São Paulo
100 _aAssis, Machado de
240 1 0 _aA cartomante
_lpor
245 1 0 _aA cartomante
300 _a48
362 0 _a0
440 1 _aEscala Educacional
650 4 _aLiteratura juvenil
942 _cBK
999 _c72844
_d72844